000 00662 a2200217 4500
003 MN-UlNLM
005 20220707120404.0
008 a130t1996 mp ||||| |||| 00| 0 mon d
040 _aМонгол Улсын Үндэсний номын сан
084 _a86.39
_2NNA
_bБ 92
_q86
245 0 _aБурхан багшийн сургааль
250 _a1
260 0 _aУБ
_c1996
300 _a321х
546 _aMongolia
653 _aшашин
_aбусад шашин
740 _aБурхан багш.
_aНом.
_aБодь мөрийн зэрэг.
_aАхан дүүсийн холбоо.
856 _aprintbook
942 _cBK
999 _c64669
_d64669